| 000 | 00585nam a2200181 a 4500 | ||
|---|---|---|---|
| 001 | 000049240 | ||
| 005 | 20210628132527.0 | ||
| 008 | 190801s2002 dr 000 0 spa d | ||
| 020 | _a9993433349 | ||
| 040 |
_aDO-SdBNP _bspa _cBNPHU |
||
| 082 |
_axx _bxx |
||
| 100 | 1 |
_aRathe, Magdalena _936842 |
|
| 245 | 1 | 3 |
_aLa reforma de salud y seguridad social / _cMagdalena Rathe. |
| 260 |
_aSanto Domingo, República Dominicana : _bPontificia Universidad Católica Madre y Maestra, _c2002. |
||
| 300 |
_a70 p. ; _c23 cm. |
||
| 590 | _aInventariado, 2019/VM | ||
| 504 | _aBibliografía : p. 69-70 | ||
| 999 |
_c48728 _d48728 |
||